| Tag |
First Indicator |
Second Indicator |
Subfields |
| LEADER |
00000cam a2200000 4500 |
| 001 |
in00003806921 |
| 005 |
20190415184810.0 |
| 006 |
m o d |
| 007 |
cr |n||||||||n |
| 008 |
870203s1771 ie |||| o 00| ||eng c |
| 035 |
|
|
|a (CU-RivES)T168307
|
| 035 |
|
|
|a (Uk-ES)006263148
|
| 035 |
|
|
|a (OCoLC)509127408
|
| 040 |
|
|
|a Uk-ES
|c Uk-ES
|d CU-RivES
|d CStRLIN
|d Cengage Gale
|d UtOrBLW
|
| 050 |
|
4 |
|a AC4
|b .R694 1771
|
| 100 |
1 |
|
|a Rowe, Nicholas,
|d 1674-1718.
|0 http://id.loc.gov/authorities/names/n50022308
|
| 245 |
1 |
0 |
|a Tamerlane: A tragedy.
|
| 264 |
|
3 |
|a Dublin :
|b Printed by John Mitchell, in Skinner-row,
|c M,DCC,LXXI. [1771]
|
| 300 |
|
|
|a 1 online resource (71, 1 unnumbered pages)
|
| 336 |
|
|
|a text
|b txt
|2 rdacontent
|
| 337 |
|
|
|a computer
|b c
|2 rdamedia
|
| 338 |
|
|
|a online resource
|b cr
|2 rdacarrier
|
| 500 |
|
|
|a Anonymous. By Nicholas Rowe.
|
| 500 |
|
|
|a With an epilogue.
|
| 510 |
4 |
|
|a English Short Title Catalog,
|c T168307.
|
| 500 |
|
|
|a Reproduction of original from "Department of Special Collections, Kenneth Spencer Research Library, University of Kansas".
|
| 500 |
|
|
|a Electronic resource.
|
| 650 |
|
0 |
|a English drama (Tragedy)
|z Great Britain
|y 18th century.
|
| 655 |
|
7 |
|a Electronic books.
|2 local
|
| 655 |
|
7 |
|a Plays.
|2 rbgenr
|
| 710 |
2 |
|
|a Gale (Firm)
|0 http://id.loc.gov/authorities/names/no2008071348
|
| 752 |
|
|
|a Ireland
|d Dublin.
|
| 856 |
4 |
0 |
|u http://proxy.library.tamu.edu/login?url=http://find.galegroup.com/ecco/infomark.do?contentSet=ECCOArticles&docType=ECCOArticles&bookId=1301800500&type=getFullCitation&tabID=T001&prodId=ECCO&docLevel=TEXT_GRAPHICS&version=1.0&source=library&userGroupName=txshracd2898
|z Connect to the full text of this electronic book
|t 0
|
| 999 |
f |
f |
|s dd44a534-1305-3d7d-af33-a757ab4f30bb
|i 91aeb3b4-d0bd-3640-9e1f-240a9be14f20
|t 0
|
| 952 |
f |
f |
|a Texas A&M University
|b College Station
|c Electronic Resources
|d Available Online
|t 0
|e AC4 .R694 1771
|h Library of Congress classification
|
| 998 |
f |
f |
|a AC4 .R694 1771
|t 0
|l Available Online
|